000 00841nam a2200229 a 4500
001 40900
003 BD-RjUL
005 20211209053308.0
008 160511m19582015ii ||||| b||| 00| f ben d
035 _a(BD-RjUL)41016
040 _aBD-RjUL
_beng
_cBD-RjUL
041 _aeng
082 _223
_a891.443
_bTHG 1962
100 _aঠাকুর, রবীন্দ্রনাথ
_9125893
245 1 0 _aগল্পগুচ্ছ /
_cরবীন্দ্রনাথ ঠাকুর
260 _aকলিকাতা :
_bবিশ্বভারতী,
_c১৯৫৮, ১৯৬২ , ২০১৫
300 _a৯৬৬ ;
_c২৩ সেমি.
504 _aগ্রন্থপঞ্জি সংযুক্ত
650 _aবাংলা উপন্যাস
_9125894
650 _aBengali Fiction
_9125895
942 _2ddc
_cBK
_03
999 _c40900
_d40900